000
00201 a2200109 4500
020
_a
9780590926355
041
_a
spa
100
_a
Pat Mora
245
_a
El Arbol de Pablo
942
_c
BK
952
_7
1
999
_c
21139
_d
21139